00340nam a2200145 4500020001800000082001400018100001500032245003700047250000700084260003300091300001000124650002000134650002500154650001500179 a9789353901622 aM3bSHI/S aShinilal V aSambarkkakranthi/cby Shinilal V a10 aKottayam:bD C Books,c2024. a264p. aNovel Malayalam aLiterature Malayalam aLiterature